<?xml version="1.0" encoding="UTF-8"?>
<record
    xmlns:xsi="http://www.w3.org/2001/XMLSchema-instance"
    xsi:schemaLocation="http://www.loc.gov/MARC21/slim http://www.loc.gov/standards/marcxml/schema/MARC21slim.xsd"
    xmlns="http://www.loc.gov/MARC21/slim">

  <leader>02082nam a22002537a 4500</leader>
  <controlfield tag="005">20250526160329.0</controlfield>
  <controlfield tag="008">250520b        |||||||| |||| 00| 0 eng d</controlfield>
  <datafield tag="020" ind1=" " ind2=" ">
    <subfield code="a">9789332519053</subfield>
  </datafield>
  <datafield tag="040" ind1=" " ind2=" ">
    <subfield code="c">AIMIT LIBRARY</subfield>
  </datafield>
  <datafield tag="082" ind1=" " ind2=" ">
    <subfield code="2">8</subfield>
    <subfield code="a">519.5</subfield>
    <subfield code="b">MILI</subfield>
  </datafield>
  <datafield tag="100" ind1=" " ind2=" ">
    <subfield code="a">Miller, Irwin.</subfield>
    <subfield code="9">210512</subfield>
  </datafield>
  <datafield tag="245" ind1=" " ind2=" ">
    <subfield code="a">John E Freund's mathematical statistics with applications /</subfield>
    <subfield code="c">By Irwin Miller and Marylees Miller.</subfield>
  </datafield>
  <datafield tag="250" ind1=" " ind2=" ">
    <subfield code="a">8th ed,.</subfield>
  </datafield>
  <datafield tag="260" ind1=" " ind2=" ">
    <subfield code="a">Chennai :</subfield>
    <subfield code="b">Pearson Education ,</subfield>
    <subfield code="c">2023.</subfield>
  </datafield>
  <datafield tag="300" ind1=" " ind2=" ">
    <subfield code="a">472 p.;</subfield>
    <subfield code="b">PB</subfield>
    <subfield code="c">24 cm.</subfield>
  </datafield>
  <datafield tag="500" ind1=" " ind2=" ">
    <subfield code="a">John E. Freund's Mathematical Statistics with Applications, Eighth Edition, provides a calculus-based introduction to the theory and application of statistics, based on comprehensive coverage that reflects the latest in statistical thinking, the teaching of statistics, and current practices.
 
This text is appropriate for a two-semester or three-quarter calculus-based course in Introduction to Mathematical Statistics. It can also be used for a single-semester course emphasizing probability, probability distributions and densities, sampling, and classical statistical inference.

</subfield>
  </datafield>
  <datafield tag="505" ind1=" " ind2=" ">
    <subfield code="a">Contents :

1. Introduction


2. Probability


3. Probability Distributions and Probability Densities


4. Mathematical Expectation


5. Special Probability Distributions


6. Special Probability Densities


7. Functions of Random Variables


8. Sampling Distributions


9. Decision Theory


10. Point Estimation


11. Interval Estimation


12. Hypothesis Testing


13. Tests of Hypotheses Involving Means, Variances, and Proportions


14. Regression and Correlation


Appendix: Sums and Products


Appendix: Special Probability Distributions


Appendix: Special Probability Densities


Statistical tables</subfield>
  </datafield>
  <datafield tag="650" ind1=" " ind2=" ">
    <subfield code="a">Probability distribution and prabability densities</subfield>
    <subfield code="9">210513</subfield>
  </datafield>
  <datafield tag="650" ind1=" " ind2=" ">
    <subfield code="a">Mathematical expectation</subfield>
    <subfield code="9">210514</subfield>
  </datafield>
  <datafield tag="650" ind1=" " ind2=" ">
    <subfield code="a">Functions of random variables</subfield>
    <subfield code="9">210515</subfield>
  </datafield>
  <datafield tag="650" ind1=" " ind2=" ">
    <subfield code="a">Hypothesis testing</subfield>
    <subfield code="9">210516</subfield>
  </datafield>
  <datafield tag="700" ind1=" " ind2=" ">
    <subfield code="a">Miller,Marylees.</subfield>
    <subfield code="9">210517</subfield>
  </datafield>
  <datafield tag="942" ind1=" " ind2=" ">
    <subfield code="2">ddc</subfield>
    <subfield code="c">BK</subfield>
    <subfield code="e">8th</subfield>
    <subfield code="k">519.5 MILI</subfield>
  </datafield>
  <datafield tag="999" ind1=" " ind2=" ">
    <subfield code="c">234307</subfield>
    <subfield code="d">234307</subfield>
  </datafield>
  <datafield tag="952" ind1=" " ind2=" ">
    <subfield code="0">0</subfield>
    <subfield code="1">0</subfield>
    <subfield code="2">ddc</subfield>
    <subfield code="4">0</subfield>
    <subfield code="7">0</subfield>
    <subfield code="8">MBA</subfield>
    <subfield code="a">AIMIT</subfield>
    <subfield code="b">AIMIT</subfield>
    <subfield code="d">2025-03-19</subfield>
    <subfield code="e">Biblios Book Point</subfield>
    <subfield code="g">1155.00</subfield>
    <subfield code="i">Bill.no:7314;Bill dt2025/3/07</subfield>
    <subfield code="l">0</subfield>
    <subfield code="o">519.5 MILI</subfield>
    <subfield code="p">MBA15155</subfield>
    <subfield code="r">2025-07-21 00:00:00</subfield>
    <subfield code="w">2025-05-20</subfield>
    <subfield code="y">BK</subfield>
  </datafield>
</record>
